Los Derechos Humanos en 1993

Na minha lista:
Detalhes bibliográficos
Formato: Texto
Tags: Adicionar Tag
Sem tags, seja o primeiro a adicionar uma tag!

MARC

LEADER 00000 a a2200000 04500
001 5818
003
040
245 |a Los Derechos Humanos en 1993  
773 |g volumen 14, número 593; páginas 33-39  
999 |c 37020  |d 37020